'C' Logos Close-Up Quiz Stats

 Plays Quiz Updated Jun 9, 2019

Score 0/20 Timer 06:00
5 Plays Today
Hint Answer % Correct
Coca-Cola
99.2%
Cable News Network
98.5%
Corona
93.9%
Cheetos
92.2%
Chrome
90.7%
Crayola
90.5%
Cartoon Network
86.6%
Cisco
84.6%
Champion
76.6%
Chanel
76.4%
Hint Answer % Correct
Boston Celtics
76%
Capital One
73.6%
Caterpillar
69.8%
Chevron
68.9%
Crocs
68.6%
Chipotle
68.6%
Converse
62.4%
Los Angeles Chargers
58.7%
Chiquita
54.3%
Chupa Chups
48.8%

You're not logged in!

Compare scores with friends on all Sporcle quizzes.
OR
Log In

Sporcle TV

Today on Sporcle TV


Watch our educational content, quiz creation guides, and fun videos on Sporcle TV.

Show Comments

Extras

Top Quizzes Today


Score Distribution

Your Account Isn't Verified!

In order to create a playlist on Sporcle, you need to verify the email address you used during registration. Go to your Sporcle Settings to finish the process.

Report this User

Report this user for behavior that violates our Community Guidelines.

Details: